عرض عادي
عرض مارك
- التأليف
مدخل مصطلح موضوعي
001 - رقم الضبط
- حقل الضبط: 9152
003 - معرف رقم الضبط
- حقل الضبط: OSt
005 - تاريخ ووقت أخر عملية
- حقل الضبط: 20111228123948.0
008 - عناصر بيانات ثابتة الطول
- حقل تحكم ثابت الطول: 111228|||a|||||| | ||| d
040 ## - مصدر الفهرسة
- هيئة الفهرسة الأصلية: OSt
- وكالة الكتابة: OSt
150 ## - مدخل-- مصطلح تاريخي
- عنصر مدخل المصطلح الموضوعي او الاسم الجغرافي: التأليف
- تفريع جغرافي: البلاد العربية
670 ## - بيانات المصدر موجوده
- الاستشهاد بالمصدر: Work cat.: (OSt): الشكعة، مصطفى محمد، 1917- 722, مناهج التأليف عند العلماء العرب /, 2009
